000 00443nam a2200169 i 4500
001 bg
100 1 _aMIKLOWITZ, Julius
245 0 _aThe theory of elastic waves and waveguides /
_cJulius Miklowitz.
260 _aAmsterdam :
_bNorth-Holland Publishing Company,
_c1978.
020 _a0720405513
040 _cBPK
041 _apol
080 _a621.3
920 _a0-7204-0551-3
942 _cKS
008 s pl f |000 0 pol
999 _c9894
_d9894
856 _uhttp://koha.tu.koszalin.pl/cgi-bin/koha/opac-detail.pl?biblionumber=9894
_yKatalog online BPK